Correctly spelled or not? Click Quiz #3 - Statistics

General Stats
  • This quiz has been taken 3,661 times
  • The average score is 15 of 20
Answer Stats
Hint Explanation Answer % Correct
baeutiful Correct spelling: Beautiful Misspelled
94%
foreign Correct
93%
secretary Correct
92%
address Correct
91%
Febuary Correct spelling: February Misspelled
91%
paralel Correct spelling: parallel Misspelled
91%
bluberry Correct spelling: Blueberry Misspelled
91%
lightning Correct
85%
Portuguese Correct
84%
Morocco Correct
84%
committee Correct
83%
embarrassed Correct
79%
occasion Correct
76%
sergeant Correct
71%
lazer Correct spelling: laser - Acronym for "Light Amplification by Stimulated Emission of Radiation Misspelled
68%
passtime Correct spelling: pastime Misspelled
65%
acknowlege Correct spelling: acknowledge Misspelled
56%
concensus Correct spelling: consensus Misspelled
53%
bizzare Correct spelling: bizarre Misspelled
52%
Halellujah Correct spelling: Hallelujah Misspelled
42%
No matching quizzes found
Score Distribution
Percent of People with Each Score
Percentile by Number Answered
Your Score History
You have not taken this quiz